| 000 | 00713cam a2200253 a 4500 | ||
|---|---|---|---|
| 999 |
_c2545 _d2545 |
||
| 001 | 013628741 | ||
| 003 | UkOxU | ||
| 005 | 20230713114029.0 | ||
| 008 | 971024s1997 nyua j 000 1 eng d | ||
| 015 | _aGB 97-69034 | ||
| 020 | _a9780749628512 | ||
| 035 | _aBNB2531.1954 | ||
| 040 |
_cAB/N-1 _dKH8 |
||
| 082 | _a823.19 MAN | ||
| 100 | 1 |
_aManning, Mick. _eAuthor |
|
| 245 | 1 | 0 |
_aWindy day / _cMick Manning and Brita Granström. |
| 260 |
_aNew York ; _aLondon : _bFranklin Watts, _c[1997] |
||
| 300 |
_a[20] p.: _bchiefly col ill ; _c22 cm. |
||
| 650 | 0 |
_aWinds _vJuvenile fiction. |
|
| 650 | 0 |
_aWeather _vJuvenile fiction. |
|
| 700 | 1 |
_aGranström, Brita. _eAuthor |
|
| 830 | 0 | _aEarly worms | |
| 942 |
_2ddc _cBK |
||